Eastern Germany: vol.3: Economic - a handbook (Record no. 366624)

000 -LEADER
fixed length control field 00469cam a22001457a 4500
008 - FIXED-LENGTH DATA ELEMENTS--GENERAL INFORMATION
fixed length control field 180718b1960 xxu||||| |||| 00| 0 eng d
082 ## - DEWEY DECIMAL CLASSIFICATION NUMBER
Classification number A6x43 G555/3
245 ## - TITLE STATEMENT
Title Eastern Germany: vol.3: Economic - a handbook
Statement of responsibility, etc. edtied by Goettingen Research Committee
260 ## - PUBLICATION, DISTRIBUTION, ETC.
Place of publication, distribution, etc. Wuerzburg
Name of publisher, distributor, etc. Holzner
Date of publication, distribution, etc. 1960
300 ## - PHYSICAL DESCRIPTION
Extent 251p.
440 ## - SERIES STATEMENT/ADDED ENTRY--TITLE
Title bibl.
500 ## - GENERAL NOTE
General note Rs.25.20
650 ## - SUBJECT ADDED ENTRY--TOPICAL TERM
Topical term or geographic name entry element Germany(Democratic Republic) - Economic Conditions
700 ## - ADDED ENTRY--PERSONAL NAME
Personal name Goettingen Research Committee, ed.
Holdings
Withdrawn status Lost status Damaged status Not for loan Permanent Location Current Location Date acquired Full call number Barcode Date last seen Price effective from Koha item type
        Indian Institute of Public Administration Indian Institute of Public Administration 1994-05-05 A6x43 G555/3 29982 2018-07-21 2018-07-21 Book

Powered by Koha